[Event "39th Olympiad Men"]
[Site "Khanty-Mansiysk RUS"]
[Date "2010.10.03"]
[Round "11"]
[White "Kulaots,K"]
[Black "So,W"]
[Result "1/2-1/2"]
[WhiteElo "2592"]
[BlackElo "2668"]

1.d4 Nf6 2.c4 g6 3.Nc3 d5 4.cxd5 Nxd5 5.e4 Nxc3 6.bxc3 Bg7 7.Bc4 c5 8.Ne2 Nc6
9.Be3 O-O 10.O-O b6 11.dxc5 Qc7 12.Nd4 Ne5 13.Nb5 Qb8 14.Be2 a6 15.Na3 b5
16.Nc2 Nc6 17.Nd4 Bb7 18.f3 Rd8 19.Qc1 Nxd4 20.cxd4 Bxd4 21.Bxd4 Rxd4 22.c6 Bc8
23.Qc5 Rd2 24.Rf2 Qa7 25.Qxa7 Rxa7 26.a4 b4 27.Bf1 Rd6  1/2-1/2

[Event "39th Olympiad Women"]
[Site "Khanty-Mansiysk RUS"]
[Date "2010.10.03"]
[Round "11"]
[White "Reid,V"]
[Black "Hegarty,S"]
[Result "0-1"]
[WhiteElo "1839"]
[BlackElo "2084"]

1.d4 Nf6 2.c4 g6 3.Nc3 d5 4.cxd5 Nxd5 5.e4 Nxc3 6.bxc3 Bg7 7.Bc4 O-O 8.Ne2 c5
9.O-O Nc6 10.Be3 Qc7 11.Rb1 Rd8 12.Bb5 a6 13.Bxc6 Qxc6 14.d5 Qc7 15.c4 f5
16.Qb3 Qe5 17.Bxc5 Qxe4 18.Ng3 Qh4 19.Rfe1 Rd7 20.Qb4 Bf6 21.Re2 b5 22.Rc1 Bb7
23.d6 exd6 24.Bxd6 Rad8 25.Be5 Bxe5 26.Rxe5 Qd4 27.Rce1 Qd6 28.c5 Qd4 29.Qa5 f4
30.Nf1 Rc8 31.Qb6 Rc6 32.Re8+ Kf7 33.R8e7+ Rxe7 34.Rxe7+ Kxe7 35.Qxb7+ Qd7
36.Qb8 Rc7 37.Qh8 Ke6 38.Qa8 Qc6 39.Qg8+ Rf7 40.Qh8 Qxc5 41.Qe8+ Kf6 42.Qh8+ Rg7
43.Qd8+ Kf7 44.Qd7+ Kf6 45.Qd8+ Kf7 46.Qd7+ Kg8 47.Qe8+ Qf8 48.Qe6+ Rf7 49.Qxa6 Qe8
50.Qd6 f3 51.gxf3 Rxf3 52.Qd5+ Rf7 53.Ne3 Qd7 54.Qa8+ Kg7 55.Qb8 Re7 56.Qf4 Qe6
57.Qg5 Rb7 58.Ng4 Qf5 59.Qh6+ Kg8 60.h3 Rd7 61.Qe3 Kf8 62.Qa3+ Re7 63.Qd6 Qe6
64.Qb8+ Kg7 65.a3 Qd5 66.Qf4 Re1+ 67.Kh2 Rh1+ 68.Kg3 Rg1+  0-1

[Event "39th Olympiad Men"]
[Site "Khanty-Mansiysk RUS"]
[Date "2010.10.03"]
[Round "11"]
[White "Danner,G"]
[Black "Antonsen,M"]
[Result "1/2-1/2"]
[WhiteElo "2422"]
[BlackElo "2471"]

1.d4 Nf6 2.c4 g6 3.Nc3 d5 4.cxd5 Nxd5 5.e4 Nxc3 6.bxc3 Bg7 7.Nf3 c5 8.Rb1 O-O
9.Be2 Nc6 10.d5 Bxc3+ 11.Bd2 Bxd2+ 12.Qxd2 Na5 13.h4 Bg4 14.h5 Bxf3 15.gxf3 Qc7
16.Qh6 g5 17.Qxg5+ Kh8 18.Qg3  1/2-1/2

[Event "39th Olympiad Men"]
[Site "Khanty-Mansiysk RUS"]
[Date "2010.10.03"]
[Round "11"]
[White "Podolchenko,E"]
[Black "Hillarp Persson,T"]
[Result "1/2-1/2"]
[WhiteElo "2506"]
[BlackElo "2517"]

1.d4 Nf6 2.c4 g6 3.Nc3 d5 4.cxd5 Nxd5 5.e4 Nxc3 6.bxc3 Bg7 7.Nf3 c5 8.Be3 Qa5
9.Qd2 O-O 10.Rc1 Rd8 11.d5 e6 12.Be2 exd5 13.exd5 Bg4 14.Bg5 Re8 15.O-O Nd7
16.h3 Bf5 17.Nh4 Be4 18.f3 Bxd5 19.Qxd5 Nb6 20.Qd2 c4 21.Rf2 Qc5 22.Bf1 f6
23.Bf4 Rad8 24.Qc2 g5 25.Bxg5 fxg5 26.Nf5 Be5 27.Rb1 Bf4 28.Kh1 Re5 29.g4 Red5
30.Qe4 Rxf5 31.Qxf5 Qxf2 32.Qe6+ Kg7 33.Qe7+ Kg6 34.Qe6+ Kg7 35.Qe7+ Kg6  1/2-1/2

[Event "39th Olympiad Men"]
[Site "Khanty-Mansiysk RUS"]
[Date "2010.10.03"]
[Round "11"]
[White "Halay,T"]
[Black "Erdene,G"]
[Result "1/2-1/2"]
[WhiteElo "2358"]
[BlackElo "2330"]

1.d4 Nf6 2.c4 g6 3.Nc3 d5 4.cxd5 Nxd5 5.e4 Nxc3 6.bxc3 Bg7 7.Ba3 O-O 8.Nf3 b6
9.Be2 Bb7 10.e5 c5 11.O-O cxd4 12.cxd4 Bd5 13.Qd2 Nc6 14.Rfd1 Qd7 15.Qf4 Rad8
16.Kh1 Rfe8 17.Ne1 Na5 18.Bc1 Qa4 19.Be3 Nc4 20.Nd3 a5 21.Bf3 e6 22.Bxd5 Rxd5
23.Qf3 Red8 24.Rdc1 b5 25.Nc5 Qa3 26.Ne4 a4 27.Qe2 Nxe3 28.fxe3 b4 29.Nd6 R5xd6
30.exd6 Bh6 31.d7 Rxd7 32.Rc8+ Bf8 33.Rb1 Rd5 34.Qd2 Kg7 35.e4 Rd7 36.d5 e5
37.h3 Be7 38.Rc6 Qg3 39.Rf1 Bg5 40.Qf2 Qxf2 41.Rxf2 Rb7 42.d6 Bd8 43.Rb2 a3
44.Rb3 Kf6 45.Rc4 Ba5 46.Rc5 Bd8 47.Rc8 Rd7 48.Rd3 Bb6 49.Rc4 Ke6 50.Rxb4 Bc5
51.Rb8 Bxd6 52.Re8+ Be7 53.Rxa3 f5 54.exf5+ Kf7 55.fxg6+ Kxe8 56.gxh7 Bf6
57.Ra8+ Ke7 58.h8=Q Bxh8 59.Rxh8 Ke6 60.Ra8 Kd5 61.Kg1 Rf7 62.Rd8+ Kc4 63.Re8 Kd4
64.h4 e4 65.h5 Rh7 66.Kf2 Rxh5 67.Rd8+ Ke5 68.Ke3 Rh1 69.g3 Re1+ 70.Kf2 Ra1
71.Rd2 Rc1 72.a4 Ra1 73.Rb2 Rxa4 74.Rb3 Kd4 75.g4 Ra2+ 76.Ke1 Rg2 77.Ra3 Rxg4
78.Ke2 Rg2+ 79.Ke1 Rb2 80.Rh3 Rc2 81.Rg3 Rc3  1/2-1/2

[Event "Tatry Open"]
[Site "Tatranske Zruby CZE"]
[Date "2010.10.04"]
[Round "3"]
[White "Michalcak,L"]
[Black "Sikora,J"]
[Result "1/2-1/2"]
[WhiteElo "2101"]
[BlackElo "2240"]

1.d4 Nf6 2.c4 g6 3.Nc3 d5 4.cxd5 Nxd5 5.e4 Nxc3 6.bxc3 Bg7 7.Bc4 c5 8.Ne2 O-O
9.O-O Nc6 10.Be3 cxd4 11.cxd4 b6 12.Rc1 Bb7 13.Qd2 Rc8 14.Rfd1 Qd6 15.Bh6 Na5
16.Bxg7 Kxg7 17.Bd3 Rxc1 18.Rxc1 Rc8 19.Rxc8 Bxc8 20.Qc3 Bb7 21.d5+ Kg8 22.Nd4 a6
23.h3 Qd7  1/2-1/2

[Event "Tatry Open"]
[Site "Tatranske Zruby CZE"]
[Date "2010.10.06"]
[Round "6"]
[White "Burdik,L"]
[Black "Mocary,M"]
[Result "1-0"]
[WhiteElo "2215"]
[BlackElo "1979"]

1.c4 Nf6 2.Nc3 d5 3.cxd5 Nxd5 4.d4 g6 5.e4 Nxc3 6.bxc3 Bg7 7.Be3 O-O 8.Bc4 c5
9.Ne2 Nc6 10.Rc1 Bg4 11.f3 cxd4 12.cxd4 Bd7 13.O-O Rc8 14.Qd2 a6 15.d5 Ne5
16.Bb3 b5 17.Bd4 e6 18.Rxc8 Bxc8 19.Qc3 f6 20.dxe6 Nc4 21.Bxc4 bxc4 22.Qxc4 Qe7
23.Nf4 Re8 24.Rb1 g5 25.Nd5 Qxe6 26.Rb6 Qf7 27.Bxf6 Be6 28.Bxg7 Qxg7 29.Rxe6 Qa1+
30.Kf2 Qb2+ 31.Kg3 Qb8+ 32.Nc7  1-0

[Event "Continental Class Ch"]
[Site "Arlington USA"]
[Date "2010.10.07"]
[Round "1"]
[White "Kis,L"]
[Black "Kaufman,La"]
[Result "0-1"]
[WhiteElo "2098"]
[BlackElo "2413"]

1.d4 Nf6 2.c4 g6 3.Nc3 d5 4.cxd5 Nxd5 5.e4 Nxc3 6.bxc3 Bg7 7.Bc4 c5 8.Ne2 Nc6
9.Be3 O-O 10.O-O Na5 11.Bd3 b6 12.Qd2 e5 13.Bh6 cxd4 14.cxd4 exd4 15.Bxg7 Kxg7
16.f4 f6 17.f5 Qd6 18.Rf3 Nc6 19.Rg3 g5 20.h4 h6 21.Kf2 Ne5 22.Rh1 Bd7 23.Nf4 Rac8
24.Qd1 Rh8 25.Ng6 Nxg6 26.fxg6 g4 27.Qd2 h5 28.Bb1 Rhd8 29.a4 Bxa4 30.e5 fxe5
31.Rxg4 hxg4 32.h5 d3 33.h6+ Kxg6  0-1

[Event "TCh-ISL Div 1 2010-11"]
[Site "Reykjavik ISL"]
[Date "2010.10.09"]
[Round "2.4"]
[White "Steingrimsson,H"]
[Black "Navara,D"]
[Result "1/2-1/2"]
[WhiteElo "2550"]
[BlackElo "2722"]

1.d4 Nf6 2.c4 g6 3.Nc3 d5 4.cxd5 Nxd5 5.e4 Nxc3 6.bxc3 Bg7 7.Nf3 c5 8.Bb5+ Nd7
9.O-O O-O 10.Re1 a6 11.Bf1 b5 12.a4 b4 13.cxb4 cxd4 14.Nxd4 Qb6 15.Be3 Qxb4
16.Nc6 Qxe4 17.Rc1 Qh4 18.g3 Qf6 19.Bg2 e5 20.Ne7+ Qxe7 21.Bxa8 Qe6 22.Bd5 Qh3
23.Bg2 Qf5 24.Qf3 Qe6 25.Rc6 e4 26.Qxe4 Qxe4 27.Bxe4 Bb7 28.Rc7 Bxe4 29.Rxd7 Bc6
30.Rd6 Bxa4 31.Rxa6 Bd7 32.Rd6 Bh3 33.Red1 h5 34.Rd8 Bf6 35.Rxf8+ Kxf8 36.Bc5+ Kg7
37.Bd4 Bxd4 38.Rxd4 g5 39.f3 f6 40.Kf2 Kg6 41.Ke3 Kg7 42.Rd8 Kh7 43.Ke4 Kg7
44.Rb8 Kg6 45.Rh8 Bg2 46.Ke3 Bh3 47.Kf2 Bd7 48.Kg2 Bc6 49.Rc8 Bd5 50.Rc5 Be6
51.Ra5 Bd7 52.Rd5 Bc6 53.Rd6 Bb7 54.Kf2 Bc8 55.Rd8 Bh3 56.Rh8 Bd7 57.Ke3 Bh3
58.f4 Kg7 59.Rb8 Kg6 60.fxg5 fxg5 61.Rh8 Bg4 62.Ke4 Kg7 63.Rb8 Bh3 64.Ke5 Bg4
65.Rb5 Bh3 66.Rb7+ Kg6 67.Rb6+ Kg7 68.Ra6 Bg4 69.Ra8 Bh3 70.Kd6 Kf6 71.Rf8+ Kg6
72.Ke7 h4 73.Rh8 Kg7 74.Rh5 Kg6 75.Rh8 Kg7 76.Rb8 hxg3 77.hxg3 Kg6 78.Rb5 Kh5
79.Kf6 Kg4 80.Rxg5+ Kf3 81.Ke5 Bg4 82.Rg7 Bh3 83.Kd4 Bg4 84.Kd3 Bh3 85.Rg5 Bg4
86.Rg8 Bf5+ 87.Kd4 Bh3 88.Rg7 Bg4 89.Rf7+ Kxg3 90.Ke3 Bc8 91.Rg7+ Kh4 92.Kf4 Kh5
93.Rg5+ Kh6 94.Rg8 Be6 95.Rg1 Kh7 96.Ke5 Bg8 97.Kf6 Kh8 98.Kg6 Bh7+ 99.Kf7 Bc2
100.Rg8+ Kh7 101.Rb8 Bd3 102.Kf6 Bc2 103.Rc8 Bb1 104.Rc1 Ba2 105.Rh1+ Kg8
106.Kg6 Bf7+ 107.Kf6 Ba2 108.Rf1 Kh7 109.Rf2 Bc4 110.Rf3 Ba2 111.Rh3+ Kg8
112.Rh2 Bb3 113.Rb2 Bc4 114.Rf2 Kh7 115.Rd2 Bb3 116.Rd7+ Kg8 117.Rg7+ Kh8
118.Kg6 Bc2+ 119.Kh6 Bb3  1/2-1/2

[Event "Tatry Open"]
[Site "Tatranske Zruby CZE"]
[Date "2010.10.09"]
[Round "9"]
[White "Czajkowski,R"]
[Black "Dobrowolski,H"]
[Result "1/2-1/2"]
[WhiteElo "2124"]
[BlackElo "1871"]

1.d4 Nf6 2.c4 g6 3.Nc3 d5 4.cxd5 Nxd5 5.e4 Nxc3 6.bxc3 Bg7 7.Bc4 O-O 8.Ne2 c6
9.O-O Nd7 10.Be3 b5 11.Bb3 Nb6 12.Qc2 Bb7 13.f4 e6 14.Ng3 a5 15.a4 bxa4 16.Bxa4 Nxa4
17.Rxa4 Ba6 18.Re1 Bb5 19.Raa1 Bc4 20.e5 Qd5 21.Ne4 Bb3 22.Qd3 Bc4 23.Qc2  1/2-1/2

[Event "Schachbundesliga 2010-11"]
[Site "Baden-Baden GER"]
[Date "2010.10.10"]
[Round "2"]
[White "Gustafsson,J"]
[Black "Popovic,Pe"]
[Result "1/2-1/2"]
[WhiteElo "2646"]
[BlackElo "2495"]

1.d4 Nf6 2.c4 g6 3.Nc3 d5 4.cxd5 Nxd5 5.e4 Nxc3 6.bxc3 Bg7 7.Bc4 c5 8.Ne2 Nc6
9.Be3 O-O 10.O-O Qc7 11.Rc1 Rd8 12.Bf4 Qd7 13.dxc5 Qe8 14.Bd5 Ne5 15.Nd4 e6
16.Bb3 Bd7 17.Qe2 a6 18.Be3 Bb5 19.Nxb5 Qxb5 20.Qxb5 axb5 21.Rb1 Bf8 22.Bd4 Nd7
23.Bd1 Ra5 24.Be2  1/2-1/2

[Event "I Memorial Oliver Gonzalez"]
[Site "Madrid ESP"]
[Date "2010.10.10"]
[Round "2"]
[White "Vazquez Igarza,R"]
[Black "Suarez Uriel,A"]
[Result "1-0"]
[WhiteElo "2535"]
[BlackElo "2180"]

1.d4 Nf6 2.c4 g6 3.Nc3 d5 4.cxd5 Nxd5 5.e4 Nxc3 6.bxc3 Bg7 7.Nf3 c5 8.Be3 Bg4
9.Rc1 Qa5 10.Qd2 Bxf3 11.gxf3 Nc6 12.d5 Rd8 13.Qb2 Nd4 14.Bxd4 cxd4 15.Qb5+ Qxb5
16.Bxb5+ Kf8 17.cxd4 Bxd4 18.Rc7 a6 19.Bd3 Rb8 20.f4 Bb6 21.Rc2 Ke8 22.Ke2 Kd7
23.Rb1 Bc7 24.Kf3 Rhc8 25.Bf1 f5 26.Bh3 Rf8 27.Rcb2 b5 28.Rc2 Bd6 29.Rc6 e6
30.e5 Ba3 31.Rxa6 b4 32.Ra7+ Kc8 33.Bf1 exd5 34.e6 Re8 35.Ba6+  1-0

[Event "I Memorial Oliver Gonzalez"]
[Site "Madrid ESP"]
[Date "2010.10.10"]
[Round "2"]
[White "Del Rio de Angelis,S"]
[Black "Semprun Martinez,F"]
[Result "0-1"]
[WhiteElo "2515"]
[BlackElo "2173"]

1.d4 Nf6 2.c4 g6 3.Nc3 d5 4.cxd5 Nxd5 5.e4 Nxc3 6.bxc3 Bg7 7.Nf3 c5 8.Rb1 O-O
9.Be2 Bg4 10.Rxb7 Nc6 11.O-O Bxf3 12.Bxf3 cxd4 13.cxd4 Nxd4 14.Bg5 Qa5 15.Bxe7 Rfe8
16.a3 Nc6 17.Bb4 Qa6 18.Rd7 Nxb4 19.axb4 Rab8 20.Qd5 Qe6 21.b5 Re7 22.Rxe7 Qxe7
23.Rd1 Bf6 24.Bg4 Qb7 25.Qc6 Kg7 26.Be2 Qb6 27.Bc4 Rd8 28.Bd5 Bd4 29.Rd2 Qa5
30.Rd1 Qa4 31.Rf1 Qb4 32.Qb7 Rf8 33.g3 Qd2 34.Bc4 h5 35.h4 Qc3  0-1

[Event "TCh-HUN 2010-11"]
[Site "Zalaegerszeg HUN"]
[Date "2010.10.10"]
[Round "1"]
[White "Toth,E"]
[Black "Horvath,Jo2"]
[Result "1-0"]
[WhiteElo "2414"]
[BlackElo "1985"]

1.d4 Nf6 2.c4 g6 3.Nc3 d5 4.cxd5 Nxd5 5.e4 Nxc3 6.bxc3 Bg7 7.Qa4+ Nd7 8.Nf3 c5
9.Bg5 Qc7 10.Rc1 O-O 11.Bd3 h6 12.Be3 a6 13.Qd1 Nb6 14.Qd2 Bg4 15.Bf4 Qc8
16.Ne5 g5 17.Bg3 Bh5 18.h4 g4 19.f3 gxf3 20.gxf3 f6 21.Rg1 Kh7 22.Ng4 Bxg4
23.fxg4 Qxg4 24.Bf2 Qe6 25.e5+ f5 26.h5 Nc4 27.Rg6 Qd5 28.Bxc4 Qxc4 29.Be3 f4
30.Qg2 fxe3 31.Rxg7+ Kh8 32.Rg6 Kh7 33.Rxh6+  1-0

[Event "I Memorial Oliver Gonzalez"]
[Site "Madrid ESP"]
[Date "2010.10.15"]
[Round "7"]
[White "Moreno Ruiz,J"]
[Black "Semprun Martinez,F"]
[Result "1/2-1/2"]
[WhiteElo "2491"]
[BlackElo "2173"]

1.d4 Nf6 2.c4 g6 3.Nc3 d5 4.cxd5 Nxd5 5.e4 Nxc3 6.bxc3 Bg7 7.Nf3 c5 8.Bb5+ Nc6
9.O-O O-O 10.Be3 Bg4 11.Bxc6 bxc6 12.Rc1 Qa5 13.Qe2 Rfd8 14.Rfd1 Rab8 15.h3 Bxf3
16.gxf3 cxd4 17.cxd4 Bxd4 18.Rxc6 Bxe3 19.Rxd8+ Rxd8 20.Qxe3 Qxa2 21.Qc3 Qb1+
22.Kg2 Qb5 23.Rc5 Qb6 24.Rc7 e6 25.Rc5 Qd6 26.Rc7 Qf4 27.Rxa7 Qg5+ 28.Kh2 Qf4+
29.Kg2 Qg5+ 30.Kh2  1/2-1/2

[Event "26th European Club Cup"]
[Site "Plovdiv BUL"]
[Date "2010.10.17"]
[Round "1"]
[White "Gyimesi,Z"]
[Black "Pettinger,Jean-Paul"]
[Result "1-0"]
[WhiteElo "2595"]
[BlackElo "2191"]

1.d4 Nf6 2.c4 g6 3.Nc3 d5 4.cxd5 Nxd5 5.e4 Nxc3 6.bxc3 Bg7 7.Bg5 O-O 8.Rc1 c5
9.Nf3 cxd4 10.cxd4 Bg4 11.d5 f5 12.Qb3 Qd6 13.Bxe7 Qxe7 14.d6+ Qf7 15.Bc4 Bxf3
16.Bxf7+ Rxf7 17.Rc8+  1-0

[Event "32nd Open"]
[Site "Arco ITA"]
[Date "2010.10.18"]
[Round "3"]
[White "Baeta,M"]
[Black "Martinez,Gui"]
[Result "1-0"]
[WhiteElo "2221"]
[BlackElo "1915"]

1.d4 Nf6 2.c4 g6 3.Nc3 d5 4.cxd5 Nxd5 5.e4 Nxc3 6.bxc3 Bg7 7.Bc4 O-O 8.Ba3 Nd7
9.Nf3 h6 10.O-O c5 11.Qb3 cxd4 12.cxd4 Nb6 13.Be2 Bd7 14.Rac1 Bc6 15.d5 Ba4
16.Qe3 Qd7 17.Bc5 Bb5 18.Bxb5 Qxb5 19.Bxe7 Rfe8 20.d6 Rac8 21.Qb3 Qd7 22.Nh4 Qg4
23.f3 Qf4 24.Rxc8 Rxc8 25.g3 Qd2 26.Rd1 Bd4+ 27.Kh1 Qf2 28.Qb5 a6 29.Qf1 Qb2
30.Qd3 Bg7 31.Rd2 Qc1+ 32.Rd1 Qb2 33.Qb1 Qe2 34.Rc1  1-0

[Event "Guernsey Open"]
[Site "Grand Havre Bay GBG"]
[Date "2010.10.18"]
[Round "2"]
[White "Williams,Pe"]
[Black "Kirby,Pe"]
[Result "1-0"]
[WhiteElo "2132"]
[BlackElo "2031"]

1.d4 Nf6 2.c4 g6 3.Nc3 d5 4.cxd5 Nxd5 5.e4 Nxc3 6.bxc3 Bg7 7.Nf3 c5 8.Rb1 O-O
9.Be2 b6 10.O-O Bb7 11.d5 Bxc3 12.Bc4 Bg7 13.Bf4 Qc8 14.Qe2 Ba6 15.e5 Bxc4
16.Qxc4 e6 17.Rbd1 exd5 18.Rxd5 Nc6 19.Rd6 Nd4 20.Nxd4 cxd4 21.Qxd4 Qa6 22.Qd5 Rac8
23.e6 fxe6 24.Qxe6+ Rf7 25.Rd7 Qc4 26.Rd8+ Bf8 27.Qxc8 Qxf4 28.Qe6 Kg7 29.Rd7 Bc5
30.Rxf7+ Qxf7 31.Qxf7+ Kxf7 32.Re1 Kf6 33.Kf1 h5 34.Re4 Kf5 35.f3 Bd6 36.h3 g5
37.g4+ hxg4 38.hxg4+ Kf6 39.Ke2 a5 40.a4 Bh2 41.Kd3 Bg3 42.Kc4 Bh2 43.Kb5 Bg1
44.Re8 Bc5 45.Kc6 Bg1 46.Rf8+ Ke6 47.f4 Bc5 48.Rf5 gxf4 49.Rxf4 Bg1 50.Rf5 Bd4
51.Rb5  1-0

[Event "WY Boys-U18"]
[Site "Porto Carras GRE"]
[Date "2010.10.20"]
[Round "1.11"]
[White "Mocanu,Se"]
[Black "Baron,Ta"]
[Result "1/2-1/2"]
[WhiteElo "2205"]
[BlackElo "2455"]

1.d4 Nf6 2.c4 g6 3.Nc3 d5 4.cxd5 Nxd5 5.e4 Nxc3 6.bxc3 Bg7 7.Nf3 c5 8.Be3 Qa5
9.Qd2 Nc6 10.Rc1 cxd4 11.cxd4 Qxd2+ 12.Kxd2 O-O 13.d5 Rd8 14.Ke1 Na5 15.Bg5 Bd7
16.Bd3 Rdc8 17.Ke2 e6 18.Rxc8+ Rxc8 19.Rc1 Rxc1 20.Bxc1 exd5 21.exd5 b5 22.Be3 a6
23.Nd2 f5 24.f4 Be8 25.Bb6 Nb7 26.Nf1 Kf8 27.Ne3 Ke7 28.Bc7 Bd4 29.Be5 Bc5
30.g4 Bxe3 31.Kxe3 fxg4 32.f5 Nc5 33.fxg6 Bxg6 34.Bxg6 hxg6 35.Kd4 Nd7 36.Bg3 Kf6
37.Bh4+ Kf5 38.Bg3 Kf6 39.Bh4+ Kf5 40.Bg3 a5 41.Bc7 a4 42.Bg3 b4 43.Kc4 b3
44.axb3 Nb6+ 45.Kb4 axb3 46.Kxb3 Nxd5 47.Kc2 Ke4 48.Kd2 Kf3 49.Bd6 Ne3 50.Kd3 Nf1
51.Kd4 Kf2 52.Ke5 Nxh2 53.Kf6 Nf1 54.Kxg6 Kf3 55.Kg5 Nd2 56.Bb8 Nc4 57.Bc7 Nb2
58.Bb8 Na4 59.Bd6 g3 60.Bxg3 Kxg3  1/2-1/2

[Event "WY Boys-U12"]
[Site "Porto Carras GRE"]
[Date "2010.10.21"]
[Round "2.5"]
[White "Stremavicius,T"]
[Black "Troff,Kayden W"]
[Result "0-1"]
[WhiteElo "1943"]
[BlackElo "2216"]

1.d4 Nf6 2.c4 g6 3.Nc3 d5 4.cxd5 Nxd5 5.e4 Nxc3 6.bxc3 Bg7 7.Bc4 O-O 8.Ne2 Nc6
9.O-O Na5 10.Bd3 c5 11.Be3 e5 12.dxe5 Bxe5 13.f4 Bd6 14.Ng3 Qc7 15.Qf3 Be6
16.f5 Bc4 17.Bh6 Rfe8 18.fxg6 hxg6 19.Rad1 Re6 20.Rf2 Bxd3 21.Qxd3 Nc6 22.Rdf1 Ne5
23.Qd5 Rae8 24.Bf4 R8e7 25.Bg5 Re8 26.Bf4 R6e7 27.Rd1 Rd7 28.Rfd2 Qb6 29.Qb3 Qd8
30.Rd5 c4 31.Qa4 Nd3 32.R1xd3 cxd3 33.Rxd6 Rxd6 34.Bxd6 b5 35.Qxb5 d2 36.Qd5 Qb6+
37.Kf1 Qb1+  0-1

[Event "Guernsey Open"]
[Site "Grand Havre Bay GBG"]
[Date "2010.10.22"]
[Round "6"]
[White "Williams,Pe"]
[Black "Broek,T"]
[Result "1/2-1/2"]
[WhiteElo "2132"]
[BlackElo "2217"]

1.d4 Nf6 2.c4 g6 3.Nc3 d5 4.cxd5 Nxd5 5.e4 Nxc3 6.bxc3 Bg7 7.Nf3 c5 8.Rb1 Nc6
9.d5 Ne5 10.Nxe5 Bxe5 11.Qc2 O-O 12.Bd3 e6 13.c4 a6 14.O-O exd5 15.exd5 Qh4
16.g3 Qh5 17.Be3 Bh3 18.Rfe1 b5 19.cxb5 axb5 20.Rxb5 Rfe8 21.Be2 Qf5 22.Qxf5 Bxf5
23.Rxc5 Rxa2 24.Bc4 Bd4 25.Rc7 Ra7 26.Rxa7 Bxa7 27.d6 Bxe3 28.fxe3 Kg7 29.Rf1 Rd8
30.e4 Bxe4 31.Rxf7+ Kh6 32.d7 Bc6 33.Be6 Rb8 34.Rf1 Rb2 35.Rd1 Rg2+ 36.Kf1 Bxd7
37.Kxg2 Bxe6 38.Rd6 Bf5 39.Kf3 Bb1 40.Kf4 Kg7 41.Ke5 g5 42.Rf6 h6 43.Ke6 Ba2+
44.Ke7 Bb3 45.Rb6 Bc4 46.Rc6 Ba2 47.Rc7 Bb1 48.Ke8+ Kg8 49.Re7 Bg6+ 50.Kd7 Bb1
51.Ke6 Bc2 52.Kf6 Bb1 53.Rb7 Bd3 54.Ke5 Bc2 55.Kd4 Bg6 56.Rb6 Kg7 57.Rxg6+ Kxg6
58.Ke5 g4 59.Ke6 h5 60.Ke5  1/2-1/2

[Event "WY Girls-U12"]
[Site "Porto Carras GRE"]
[Date "2010.10.23"]
[Round "4.2"]
[White "Liao,Rui"]
[Black "Li,Zhuoling"]
[Result "0-1"]
[WhiteElo "1830"]
[BlackElo "1863"]

1.d4 Nf6 2.c4 g6 3.Nc3 d5 4.cxd5 Nxd5 5.e4 Nxc3 6.bxc3 Bg7 7.Bc4 c5 8.Ne2 Nc6
9.Be3 O-O 10.O-O Na5 11.Bd3 b6 12.dxc5 bxc5 13.Bxc5 Qc7 14.Bd4 e5 15.Be3 Rd8
16.Qc2 Nc4 17.Bxc4 Qxc4 18.Rfd1 Ba6 19.Ng3 Rdc8 20.Rac1 Bf8 21.Qb3 Rcb8 22.Qxc4 Bxc4
23.Rc2 a5 24.Bc1 Rb1 25.Nf1 Ra1 26.Rdd2 Ba3 27.Rd1 Bb5 28.Ne3 Ba4 29.Bxa3 Rxd1+
30.Nxd1 Bxc2 31.Ne3 Bxe4 32.Bd6 f6 33.f3 Bc6 34.Kf2 Rd8 35.Nc4 Bd5 36.Bc7 Re8
37.Nd6 Re7 38.Bxa5 Ra7 39.Bb4 Rxa2+ 40.Kf1 Rc2 41.Kg1 f5 42.Nb5 e4 43.Nd4 Ra2
44.fxe4 fxe4 45.c4 Bxc4 46.Be1 Ra1 47.Nc2 Rc1  0-1

[Event "WY Boys-U18"]
[Site "Porto Carras GRE"]
[Date "2010.10.24"]
[Round "5.6"]
[White "Alonso Rosell,A"]
[Black "Lozhnikov,V"]
[Result "1-0"]
[WhiteElo "2485"]
[BlackElo "2288"]

1.d4 Nf6 2.c4 g6 3.Nc3 d5 4.cxd5 Nxd5 5.e4 Nxc3 6.bxc3 Bg7 7.Bg5 c5 8.Rc1 cxd4
9.cxd4 O-O 10.Nf3 Nd7 11.Bd3 Nf6 12.h3 b6 13.O-O Bb7 14.d5 Nd7 15.Qb3 Rb8
16.Be3 Nc5 17.Bxc5 bxc5 18.Qa3 e6 19.Bc4 exd5 20.exd5 Qc7 21.Rfd1 Rfd8 22.Qe3 Re8
23.Qa3 Red8 24.Bb3 Bf8 25.Qa4 Ba8 26.Qh4 Qe7 27.Qf4 Rb4 28.Rc4 Qd6 29.Rxb4 cxb4
30.Qe4 Qe7 31.Qd4 Bg7 32.Qd3 Bc3 33.d6 Qf6 34.Bd5 Bxd5 35.Qxd5 Qe6 36.Qxe6 fxe6
37.Ng5 e5 38.Rd5 Rd7 39.Kf1 b3 40.axb3 Bb4 41.Ne4 Rd8 42.Rxe5 Bxd6 43.Rb5 Kf7
44.Rb7+ Be7 45.Rxa7 Rb8 46.Nd2 Ke6 47.Ke2 h5 48.Ra6+ Kf7 49.Ra7 Ke6 50.Ra6+ Kf7
51.Rc6 Bb4 52.Nf3 Re8+ 53.Kd3  1-0

[Event "WY Boys-U14"]
[Site "Porto Carras GRE"]
[Date "2010.10.24"]
[Round "6.11"]
[White "Chu Wei Chao"]
[Black "Giroyan,G"]
[Result "1-0"]
[WhiteElo "2075"]
[BlackElo "2244"]

1.d4 Nf6 2.c4 g6 3.Nc3 d5 4.cxd5 Nxd5 5.e4 Nxc3 6.bxc3 Bg7 7.Bc4 c5 8.Ne2 O-O
9.O-O Nc6 10.Be3 Bd7 11.Rb1 Qc7 12.Bd3 Na5 13.d5 c4 14.Bc2 b5 15.Bd4 Bh6
16.f4 Nb7 17.Qe1 Bg7 18.Qh4 Rfe8 19.e5 e6 20.dxe6 Bxe6 21.Rxb5 a6 22.Rbb1 Bd5
23.Qf2 Rac8 24.Rfd1 Nc5 25.Bxc5 Qxc5 26.Qxc5 Rxc5 27.Ng3 f6 28.Be4 Bf7 29.Rb7 fxe5
30.f5 Bh6 31.Rdd7 Rf8 32.a4 Ra5 33.h4 Rc5 34.Kf2 gxf5 35.Nxf5 Be6 36.g4 Bxd7
37.Rxd7 Bc1 38.Kg2 Rb8 39.g5 Rb2+ 40.Kf3 Rb3 41.Nh6+ Kf8 42.Rxh7 Rxc3+ 43.Kg4 Rd3
44.Nf5 Rd4 45.Rh8+ Kf7 46.g6+ Kxg6 47.Nxd4+ Kg7 48.Ne6+ Kxh8 49.Nxc5 a5 50.Kf5 Bf4
51.Nb7 Bg3 52.h5 Kg7 53.Nxa5 Kh6 54.Kg4 Be1 55.Nxc4 Bc3 56.a5  1-0

[Event "WY Girls-U12"]
[Site "Porto Carras GRE"]
[Date "2010.10.26"]
[Round "7.4"]
[White "Vasenina,A"]
[Black "Dordzhieva,D"]
[Result "1-0"]
[WhiteElo "1844"]
[BlackElo "1950"]

1.d4 Nf6 2.c4 g6 3.Nc3 d5 4.cxd5 Nxd5 5.e4 Nxc3 6.bxc3 Bg7 7.Be3 c5 8.Qd2 O-O
9.d5 Qa5 10.Rc1 Nd7 11.c4 Qa6 12.Nf3 b6 13.Bd3 e6 14.O-O exd5 15.exd5 Nf6
16.h3 Re8 17.Qc2 Re7 18.Bf4 Bd7 19.Bd6 Ree8 20.Be5 Nh5 21.Bxg7 Nxg7 22.Qb2 Bf5
23.Bxf5 Nxf5 24.Qf6 Rad8 25.Rfe1 Qc8 26.Ne5 Qc7 27.Nc6 Ra8 28.g4 Ng7 29.Ne7+ Kf8
30.d6 Qd7 31.Re3 Rad8 32.Rce1 Qa4 33.Re4 Qb4 34.Nxg6+  1-0

[Event "11th Liberec Open"]
[Site "Liberec CZE"]
[Date "2010.10.28"]
[Round "6"]
[White "Klecker,T"]
[Black "Plischki,S"]
[Result "0-1"]
[WhiteElo "2221"]
[BlackElo "2358"]

1.d4 Nf6 2.c4 g6 3.Nc3 d5 4.cxd5 Nxd5 5.e4 Nxc3 6.bxc3 Bg7 7.Nf3 c5 8.Rb1 O-O
9.Be3 Nc6 10.Qd2 Qa5 11.Rb5 cxd4 12.Rxa5 dxe3 13.Qxe3 Nxa5 14.Be2 Be6 15.O-O Rfc8
16.Nd4 Bc4 17.Bxc4 Rxc4 18.e5 Rac8 19.e6 f5 20.Ne2 R4c5 21.g3 Nc4 22.Qd3 Nd6
23.Rd1 b5 24.a4 a6 25.axb5 axb5 26.Ra1 Bxc3 27.Nxc3 Rxc3 28.Qd4 Rc1+ 29.Rxc1 Rxc1+
30.Kg2 Rc7 31.h4 Rb7 32.Qb4 h6 33.f3 Kg7 34.g4 Kf6 35.Qb3 b4 36.Kg3 Rb5 37.Kf4 g5+
38.Kg3 f4+ 39.Kh3 Ke5 40.h5 Rb6 41.Qb2+ Kxe6 42.Qg7 b3 43.Qxh6+ Kd7 44.Qh7 b2
45.Qb1 Nc4 46.Kg2 Ke8 47.h6 Rf6 48.Qe4 Rb6 49.Qa8+ Kd7 50.Qa4+ Kd6 51.Qd1+ Kc7
52.Qb1 Kb8 53.Kf2 Nd2 54.Qd3 b1=Q 55.Qd8+ Ka7 56.Qd7+ Rb7 57.Qa4+ Kb6 58.Qd4+ Kc6
59.Qc3+ Kd7 60.Qxd2+ Ke8 61.Kg2 Rb2 62.Kh3 Qh1+  0-1

[Event "WY Boys-U18"]
[Site "Porto Carras GRE"]
[Date "2010.10.28"]
[Round "9.12"]
[White "Alonso Rosell,A"]
[Black "Massoni,M"]
[Result "1/2-1/2"]
[WhiteElo "2485"]
[BlackElo "2299"]

1.d4 Nf6 2.c4 g6 3.Nc3 d5 4.cxd5 Nxd5 5.e4 Nxc3 6.bxc3 Bg7 7.Bg5 c5 8.Rc1 O-O
9.Nf3 h6 10.Be3 Qa5 11.Qd2 cxd4 12.cxd4 Qxd2+ 13.Kxd2 Nc6 14.Bd3 Rd8 15.Rc4 Bg4
16.d5 Bxf3 17.gxf3 Ne5 18.Rc7 e6 19.Bc2 exd5 20.exd5 Rxd5+ 21.Ke2 Nc6 22.Bb3 Rf5
23.Rd1 Re8 24.Kf1 Bf8 25.Rxb7 Na5 26.Rxa7 Nxb3 27.axb3 Rxf3 28.Kg2 Rf5 29.Rdd7 g5
30.Rab7 Kg7 31.b4 Kg6 32.Rdc7 Ree5 33.Rc8 Bg7 34.Rc5 Bf8 35.Rxe5 Rxe5 36.Rb8 Be7
37.b5 Bc5 38.Bxc5 Rxc5 39.Rb6+ Kf5 40.Rb8 Kf4  1/2-1/2

[Event "Chigorin Mem Classic Open"]
[Site "St Petersburg RUS"]
[Date "2010.10.28"]
[Round "1"]
[White "Maevsky,N"]
[Black "Areshchenko,A"]
[Result "0-1"]
[WhiteElo "2302"]
[BlackElo "2664"]

1.d4 Nf6 2.c4 g6 3.Nc3 d5 4.cxd5 Nxd5 5.e4 Nxc3 6.bxc3 Bg7 7.Bg5 c5 8.Rc1 h6
9.Be3 Qa5 10.Qd2 Nc6 11.d5 Ne5 12.h3 g5 13.Nf3 Bd7 14.Be2 Ng6 15.Bd3 Qc7
16.c4 b6 17.h4 g4 18.Ng1 h5 19.Ne2 Be5 20.f4 gxf3 21.gxf3 Bf6 22.f4 Nxh4
23.Kf2 Bg4 24.Ng1 e5 25.f5 Rg8 26.Be2 Bxe2 27.Nxe2 Rg2+ 28.Kf1 Rg4 29.Qd3 O-O-O
30.Bf2 Rh8 31.Nc3 Rf4 32.d6 Rd8 33.Rd1 Qc6 34.Rh3 Bg5 35.a4 Rd7 36.Rg3 Rg4
37.Nd5 Qxa4 38.f6 Ng6 39.Ne7+ Nxe7 40.dxe7 Qxd1+ 41.Qxd1 Rxd1+ 42.Ke2 Rd2+  0-1

[Event "WY Girls-U12"]
[Site "Porto Carras GRE"]
[Date "2010.10.29"]
[Round "10.2"]
[White "Mahalakshmi,M"]
[Black "Li,Zhuoling"]
[Result "1-0"]
[WhiteElo "1815"]
[BlackElo "1863"]

1.d4 Nf6 2.c4 g6 3.Nc3 d5 4.cxd5 Nxd5 5.e4 Nxc3 6.bxc3 Bg7 7.Be3 c5 8.Qd2 O-O
9.Nf3 Qa5 10.Rc1 Rd8 11.d5 e6 12.Bg5 Re8 13.d6 Nd7 14.h4 h5 15.Bh6 Bh8 16.Bd3 b5
17.e5 Bb7 18.Qg5 Kh7 19.Qxh5 Bxf3 20.gxf3 Nxe5 21.Bg7+ Kxg7 22.Qxe5+ Kg8
23.Qg3 Bxc3+ 24.Kf1 Qa3 25.Rd1 Qa4 26.Kg2 Bf6 27.Bxg6 fxg6 28.Qxg6+ Bg7 29.d7 Rf8
30.Qxe6+ Kh8 31.Rd5 Bf6 32.Rh5+ Kg7 33.Kh3 Rf7 34.Rg1+ Kf8 35.Qd6+ Re7 36.Qxf6+  1-0